Highest-Scoring Jetpunk Quiz #3 in Half The Time - Statistics

General Stats
  • This quiz has been taken 55 times
  • The average score is 8 of 8
Answer Stats
Picture Answer % Correct
Italy
100%
Iran
98%
India
96%
Ireland
96%
Israel
96%
Iceland
94%
Iraq
94%
Indonesia
87%
No matching quizzes found
Score Distribution
Percent of People with Each Score
Percentile by Number Answered
Your Score History
You have not taken this quiz